| 000 | 00722cam a22002413a 4500 | ||
|---|---|---|---|
| 001 | 30850 | ||
| 003 | PGUSA | ||
| 005 | 20140828083652.0 | ||
| 008 | 100104s2010||||xxu|||||s|||||000 | eng d | ||
| 040 |
_aPGUSA _beng |
||
| 042 | _adc | ||
| 050 | 4 | _aHD | |
| 100 | 1 | _aPhilippines. Bureau of Education | |
| 245 | 1 | 0 |
_aPhilippine Mats : _bPhilippine Craftsman Reprint Series No. 1 _h[electronic resource] / _cPhilippines. Bureau of Education |
| 260 |
_bProject Gutenberg, _c2010 |
||
| 506 | _aPublic domain in the USA. | ||
| 516 | _aElectronic text | ||
| 653 | _aMat industry -- Philippines | ||
| 653 | _aWeaving | ||
| 830 | 0 |
_aProject Gutenberg _v30850 |
|
| 856 | 4 | 0 | _uhttp://www.gutenberg.org/ebooks/30850 |
| 942 | _cEB | ||
| 999 |
_c260105 _d260105 |
||